00865nam a2200241Ia 4500003000400000005001700004006001800021007000300039008004100042024001100083037001100094040001800105041001300123100001700136110009500153245017300248260000900421300001800430650002100448700003200469700002700501700009500528OSt20220930081912.0a|||||r|||| 00| 0ta220926b |||||||| |||| 00| 0 eng d a109269 cTheses aCRLcCRLbeng 2engaeng aBharti Singh aUniversity of Delhi. Faculty of Medical Sciences. Department of Obstetrics and Gynaecology 0aEvaluation of endometrial and perifollicular vascularity by transvaginal power doppler as potential prognostic indicators affecting success of intrauterine insemination c2008 a81p.ap.ccm. aWOMEN - DISEASES a Dr. Gita Radhakrishnan Gu. a Dr. Kiran Guleria Gu. aUniversity of Delhi. Faculty of Medical Sciences. Department of Obstetrics and Gynaecology